Nivel de estrés percibido en los estudiantes vinculados a una institución educativa superior de la costa caribe colombiana durante la pandemia de COVID-19 (Registro nro. 617)

Detalles MARC
000 -LEADER
fixed length control field 02235nam a2200289Ia 4500
003 - CONTROL NUMBER IDENTIFIER
control field CO-CtgCURN
005 - DATE AND TIME OF LATEST TRANSACTION
control field 20250719145944.0
008 - FIXED-LENGTH DATA ELEMENTS--GENERAL INFORMATION
fixed length control field 220709s9999 xx 000 0 und d
040 ## - CATALOGING SOURCE
Original cataloging agency CO-CtgCURN
Language of cataloging spa
Transcribing agency coctgcurn
082 ## - DEWEY DECIMAL CLASSIFICATION NUMBER
Classification number ENF 2022
Item number P778n
100 ## - MAIN ENTRY--PERSONAL NAME
Personal name Polonia Zúñiga, Yoleidi
Relator term autora
9 (RLIN) 5896
245 #0 - TITLE STATEMENT
Title Nivel de estrés percibido en los estudiantes vinculados a una institución educativa superior de la costa caribe colombiana durante la pandemia de COVID-19
Medium [electronic resource] /
Statement of responsibility, etc. Yoleidi Polonia Zúñiga; Geraldine Thalía Soto González; Daniska Milena Reyes Tejedor; tutora., Cinthya Paola Mora Campo
260 ## - PUBLICATION, DISTRIBUTION, ETC.
Place of publication, distribution, etc. Barranquilla, Atlántico :
Name of publisher, distributor, etc. Corporación Universitaria Rafael Núñez,
Date of publication, distribution, etc. 2022
300 ## - PHYSICAL DESCRIPTION
Extent 1 recurso en línea (59 páginas (PDF)) :
Other physical details tablas, gráficas
502 ## - DISSERTATION NOTE
Dissertation note Trabajo de Grado (Enfermera). Corporación Universitaria Rafael Núñez. Facultad de Ciencias de la Salud. Programa de Enfermería, 2022
504 ## - BIBLIOGRAPHY, ETC. NOTE
Bibliography, etc. note Incluye referencias bibliográficas
520 ## - SUMMARY, ETC.
Summary, etc. El estrés es una emoción, sentimiento o reacción del cuerpo ante un estímulo, este puede provenir de cualquier situación que genere tensión, como por ejemplo compromisos, noticias negativas y enfermedades etc. En los estudiantes universitarios el estrés se define como una reacción de activación fisiológica, emocional cognitiva y conductual ante eventos en entornos académicos. (1) El siguiente proyecto tuvo como objetivo general, conocer el nivel de estrés percibido en los estudiantes vinculados a una institución educativa superior de la costa caribe colombiana durante la pandemia de COVID-19.
521 ## - TARGET AUDIENCE NOTE
Target audience note AREA PROFESIONAL
590 ## - LOCAL NOTE (RLIN)
Local note Programa de Enfermería_27
650 ## - SUBJECT ADDED ENTRY--TOPICAL TERM
Topical term or geographic name entry element Enfermería
Form subdivision Tesis y disertaciones académicas
9 (RLIN) 5897
700 ## - ADDED ENTRY--PERSONAL NAME
Personal name Mora Campo, Cinthya Paola
Relator term tutora
9 (RLIN) 5898
700 ## - ADDED ENTRY--PERSONAL NAME
Personal name Reyes Tejedor, Daniska Milena
Relator term autora
9 (RLIN) 5899
700 ## - ADDED ENTRY--PERSONAL NAME
Personal name Soto González, Geraldine Thalía
Relator term autora
9 (RLIN) 5900
856 ## - ELECTRONIC LOCATION AND ACCESS
Uniform Resource Identifier <a href="https://unicurn.sharepoint.com/:b:/s/biblioteca/EYTwRvu6uAZGuEu_n1pUvfsB2XEJeicFqvfmpmvw6C-X2g?e=8LJJzI">https://unicurn.sharepoint.com/:b:/s/biblioteca/EYTwRvu6uAZGuEu_n1pUvfsB2XEJeicFqvfmpmvw6C-X2g?e=8LJJzI</a>
Link text Consulte aquí el texto completo
942 ## - ADDED ENTRY ELEMENTS (KOHA)
Koha item type Trabajos de grado
Classification part ENF 2022
Item part P778n
Source of classification or shelving scheme Dewey Decimal Classification
Suppress in OPAC No
Existencias
Withdrawn status Lost status Source of classification or shelving scheme Damaged status Not for loan Collection Home library Current library Shelving location Date acquired Inventory number Total checkouts Full call number Barcode Date last seen Copy number Price effective from Koha item type
    Dewey Decimal Classification     Trabajos de grado Miguel Henríquez Castañeda Barranquilla Miguel Henríquez Castañeda Barranquilla Trabajo de grado 07/08/2022 05112   ENF 2022 P778n 05112 07/09/2022 ej.1 07/09/2022 Trabajos de grado